War and peace; Vol.2

Enregistré dans:
Détails bibliographiques
Auteur principal: War and peace; Vol.2
Format: Livre
Langue:Undetermined
Publié: London Everyman's Library 1992
Sujets:
Tags: Ajouter un tag
Pas de tags, Soyez le premier à ajouter un tag!
Thư viện lưu trữ: Trung tâm Học liệu Trường Đại học Cần Thơ
LEADER 00524nam a2200169Ia 4500
001 CTU_27323
008 210402s9999 xx 000 0 und d
082 |a 891.733 
082 |b T654w/Vol.2 
100 |a War and peace; Vol.2 
245 0 |a War and peace; Vol.2 
245 0 |c War and peace; Vol.2, Liev Tolstoy; Dịch giả: Louise Aymer Maude 
260 |a London 
260 |b Everyman's Library 
260 |c 1992 
650 |a russian literature - 19th century 
980 |a Trung tâm Học liệu Trường Đại học Cần Thơ